[Event "Rewal op 11th"]
[Site "Rewal"]
[Date "2006.08.26"]
[Round "7"]
[White "Krajewicz, Pawel"]
[Black "Siwiec, Arkadiusz"]
[Result "0-1"]
[WhiteElo "2004"]
[BlackElo "2026"]
[PlyCount "88"]
[EventDate "2006.08.21"]
[EventType "swiss"]
[EventRounds "11"]
[EventCountry "POL"]
[SourceTitle "EXT 2010"]
[Source "ChessBase"]
[SourceDate "2010.11.25"]
[SourceVersion "1"]
[SourceVersionDate "2010.11.25"]
[SourceQuality "1"]

1. d4 Nf6 2. Nf3 g6 3. c4 c5 4. d5 b5 5. cxb5 a6 6. bxa6 Bxa6 7. g3 d6 8. Bg2 Bg7 9. 0-0 0-0 10. Nc3 Nbd7 11. Qc2 Qa5 12. Rd1 Rfb8 13. e4 Ng4 14. Bg5 Kf8 15. Bd2 Nge5 16. Nxe5 Nxe5 17. Na4 Bd3 18. Qxd3 Qxa4 19. Qc3 Kg8 20. b3 Qa6 21. Qc2 Qe2 22. Rac1 Nd3 23. Re1 Qxf2+ 24. Kh1 Nxe1 25. Bxe1 Qxc2 26. Rxc2 Ra7 27. Bf1 Rba8 28. a4 Rb8 29. Bc4 Bd4 30. Bd2 Kg7 31. Kg2 Kf6 32. Kf3 Rab7 33. Kg4 h5+ 34. Kf3 Rxb3+ 35. Bxb3 Rxb3+ 36. Ke2 Ra3 37. a5 Ke5 38. Rc1 Kxe4 39. Rf1 f5 40. Rb1 Kxd5 41. Rb7 e5 42. Rg7 c4 43. Bb4 Ra2+ 44. Kd1 Ke4 0-1

[Event "Rewal op 11th"]
[Site "Rewal"]
[Date "2006.08.24"]
[Round "5"]
[White "Heiler, Karl"]
[Black "Krajewicz, Pawel"]
[Result "0-1"]
[WhiteElo "1868"]
[BlackElo "2004"]
[PlyCount "56"]
[EventDate "2006.08.21"]
[EventType "swiss"]
[EventRounds "11"]
[EventCountry "POL"]
[SourceTitle "EXT 2010"]
[Source "ChessBase"]
[SourceDate "2010.11.25"]
[SourceVersion "1"]
[SourceVersionDate "2010.11.25"]
[SourceQuality "1"]

1. e4 c5 2. c3 d5 3. exd5 Qxd5 4. d4 Nf6 5. Nf3 Bg4 6. Be3 Bxf3 7. Qxf3 Qxf3 8. gxf3 cxd4 9. Bxd4 Nbd7 10. f4 e6 11. Bg2 Bd6 12. Nd2 Bxf4 13. 0-0-0 0-0-0 14. Bxa7 b6 15. Kb1 Ng4 16. Ne4 f5 17. Nd6+ Bxd6 18. Rxd6 e5 19. Bxb6 Nxb6 20. Rxb6 e4 21. Kc1 Nxf2 22. Rf1 e3 23. Bf3 Rd2 24. a4 g5 25. a5 g4 26. a6 gxf3 27. a7 Kc7 28. Re6 Nd3+ 0-1

[Event "Lasker Memorial op-A"]
[Site "Barlinek"]
[Date "2006.06.04"]
[Round "2"]
[White "Orzech, Dominik"]
[Black "Krajewicz, Pawel"]
[Result "1-0"]
[WhiteElo "2346"]
[BlackElo "1999"]
[PlyCount "57"]
[EventDate "2006.06.03"]
[EventType "swiss"]
[EventRounds "9"]
[EventCountry "POL"]
[SourceTitle "CBM 112 Extra"]
[Source "ChessBase"]
[SourceDate "2006.07.14"]
[SourceVersion "1"]
[SourceVersionDate "2006.07.14"]
[SourceQuality "1"]

1. Nf3 Nf6 2. c4 g6 3. Nc3 Bg7 4. g3 0-0 5. Bg2 c5 6. d4 cxd4 7. Nxd4 Nc6 8. 0-0 Nxd4 9. Qxd4 d6 10. Qd2 Qc7 11. b3 Bd7 12. Bb2 Bc6 13. e4 Qa5 14. Rad1 Qh5 15. Rfe1 Ng4 16. h3 Ne5 17. Re3 g5 18. Ne2 Bd7 19. g4 Qh4 20. Ng3 Ng6 21. Bxg7 Kxg7 22. e5 Nf4 23. exd6 e6 24. Nh5+ Nxh5 25. gxh5 f5 26. Bxb7 f4 27. Qc3+ Kg8 28. Re5 Qxh5 29. Qf3 1-0